header

Unicorns Don`t Give Sleigh Rides (Record no. 261079)

MARC details
000 -LEADER
fixed length control field 00250nam a22001097a 4500
020 ## - INTERNATIONAL STANDARD BOOK NUMBER
ISBN 9780590257831
100 ## - MAIN ENTRY--AUTHOR NAME
Personal name Debbie Dadey
245 ## - TITLE STATEMENT
Title Unicorns Don`t Give Sleigh Rides
260 ## - PUBLICATION, DISTRIBUTION, ETC. (IMPRINT)
Place of publication New York
Name of publisher Scholastic
Year of publication 1997
300 ## - PHYSICAL DESCRIPTION
Number of Pages 65 pgs
942 ## - ADDED ENTRY ELEMENTS (KOHA)
Koha item type Long Loan Books
Holdings
Withdrawn status Lost status Collection code Home library Current library Shelving location Date acquired Accession Number Koha item type
    Fiction Rongo University Library Rongo University Library Children's Area 30/10/2023 CL5212021 Long Loan Books

© 2026 Rongo University
Contact us: librarian | system librarian | Rongo university